Obligaciones dinerarias en el Código Civil y Comercial : actualización monetaria. Intereses /

Guardado en:
Autor Principal: Márquez, José Fernando.
Formato: Libro
Idioma:Spanish
Publicado: Córdoba : Alveroni, 2015.
Edición:1a. ed.
Series:Lecciones y ensayos ; 43
Materias:
Etiquetas: Agregar Etiqueta
Sin Etiquetas, Sea el primero en etiquetar este registro!
LEADER 00682nam a22001815a 4500
001 DER.der014182
008 190927s2015####ag############000#0#spa#d
005 20251217100826.0
245 1 0 |a Obligaciones dinerarias en el Código Civil y Comercial :  |b actualización monetaria. Intereses /  |c José Fernando Márquez ; con la colaboración de Luis Moisset de Espanés. 
250 |a 1a. ed. 
260 |a Córdoba :  |b Alveroni,  |c 2015. 
300 |a 258 p. 
490 0 |a Lecciones y ensayos ;  |v 43 
020 |a 9789876431224 
100 1 |a Márquez, José Fernando. 
700 1 |a Moisset de Espanés, Luis,  |e col. 
650 7 |a DERECHO DE LAS OBLIGACIONES 
859 |a DERECHO  |b BIB. DERECHO  |h 346.02  |i MAR  |p 009427